Estatísticas para Os 10 principais países com mortes por Covid19 - 30 de abril

Clique aqui para jogar o quiz

Estatísticas Gerais

  • Esse quiz foi jogado 5 vezes
  • A pontuação média é 7 de 13

Estatísticas das Respostas

país% Correto
Brasil
100%
Alemanha
80%
Espanha
80%
Estados Unidos
80%
França
80%
Itália
60%
Reino Unido
60%
Bélgica
40%
Países Baixos
40%
Irão
20%
Suécia
20%
Irlanda
0%
Suíça
0%

Distribuição das Pontuações

Percentil de Números Respondidos

Porcentagem de Pessoas com Cada Pontuação

Sua Pontuação Histórica

Você não jogou esse quiz